MARC

LEADER 00000nam0a2200000 4500
001 333181
005 20231102004529.0
035 |a (RuTPU)RU\TPU\book\359176 
035 |a RU\TPU\book\356463 
090 |a 333181 
100 |a 20170607d1978 k y0rusy50 ca 
101 0 |a rus 
102 |a RU 
105 |a a z 001zy 
200 1 |a Теория чисел  |e сборник статей  |f Воронежский государственный педагогический институт (ВГПИ) ; под ред. К. А. Родосского 
210 |a Воронеж  |c Изд-во ВГПИ  |d 1978 
215 |a 130 с.  |c ил. 
225 1 |a Известия Воронежского государственного педагогического института  |v Т. 197 
320 |a Библиография в конце статей 
606 1 |a Чисел теория  |2 stltpush  |3 (RuTPU)RU\TPU\subj\18752  |9 44127 
610 1 |a арифметика 
610 1 |a группы Галуа 
610 1 |a сравнения 
610 1 |a суммы 
610 1 |a сглаживание 
610 1 |a аддитивные задачи 
610 1 |a полупростые числа 
610 1 |a приложение 
675 |a 511  |v 4 
702 1 |a Родосский  |b К. А.  |4 340 
712 0 2 |a Воронежский государственный педагогический институт (ВГПИ)  |c (1931-1993)  |2 stltpush  |3 (RuTPU)RU\TPU\col\21197 
801 1 |a RU  |b 63413507  |c 20170410 
801 2 |a RU  |b 63413507  |c 20170609  |g RCR 
942 |c BK